000 00548nam a22001817a 4500
999 _c14471
_d14471
003 AR-CdUCM
008 190423b ||||| |||| 00| 0 spa d
020 _a978-849-825-835-6
040 _aMUNICIPALIDAD PROVINCIAL DEL CUSCO
_cBIBLIOTECA MUNICIPAL DEL CUSCO
082 _aPI / 376.1 /
_bD31
100 _aDeneux, Xavier
_932828
245 _aLas formas /
260 _aBarcelona :
_bCombel,
_c2012.
300 _a18 páginas ;
_bIlustraciones,
_c18.5 cm.
650 _aLiteratura infantil
_9588
942 _2ddc
_cLIBROS
945 _aacv
_d2019-04-23